| 000 | 007940000a22002050004500 | ||
|---|---|---|---|
| 003 | LK-CoMWRAF | ||
| 008 | 230817t1950 ||||| |||| 00| 0 eng d | ||
| 040 |
_aLK-CoMWRAF _dLK-CoMWRAF _eLK-CoMWRAF |
||
| 041 | _aeng | ||
| 082 |
_a341.3 _bDIP |
||
| 111 |
_aDIPLOMATIC CONFERENCE FOR THE ESTABLISHMENT OF INTERNATIONAL CONVENTIONS FOR THE PROTECTION OF VICTIMS OF WAR _c(Geneva, Switzerland _d1949) |
||
| 245 | _aThe Geneva Conventions of August 12 1949 | ||
| 260 |
_aGeneva: _b International Committee of the Red Cross, _c[1950] |
||
| 300 | _a245 p. | ||
| 650 | _aPRISONERS OF WAR-Legal status, laws | ||
| 650 | _aWar victims -- Legal status, laws, | ||
| 650 | _aWar -- Protection of civilians | ||
| 856 | _uhttps://www.icrc.org/en/doc/assets/files/publications/icrc-002-0173.pdf | ||
| 942 | _cCP | ||
| 999 |
_c639 _d639 |
||